Statistics for VALORANT - Guns which deal the most damage

Click here to take the quiz!

General Stats

  • This quiz has been taken 65 times
  • The average score is 12 of 28

Answer Stats

HintAnswer% Correct
255Operator Head
100%
160Vandal Head
84%
202Marshal Head
78%
150Operator Body
75%
195Guardian Head
71%
159Sheriff Head (Close)
67%
156Phantom Head (Close)
65%
140Phantom Head (Mid)
65%
105Ghost Head (Close)
55%
101Marshal Body
53%
124Phantom Head (Far)
51%
145Sheriff Head (Far)
51%
115Bulldog Head
47%
120Operator Legs
41%
78Classic Head (Close) / Frenzy Head (Close) / Spectre Head (Close)
39%
55Sheriff Body (Close)
37%
50Sheriff Body (Far)
33%
87Ghost Head (Far)
31%
65Guardian Body
29%
95Odin Head (Close)
29%
77Odin Head (Far)
20%
66Classic Head (Far) / Spectre Head (Mid)
18%
85Marshal Legs
18%
67Stinger Head (Close) / Ares Head (Far)
16%
72Ares Head (Close)
14%
57Stinger Head (Far)
10%
63Frenzy Head (Far)
8%
60Spectre Head (Far)
6%

Score Distribution

Percentile by Number Answered

Percent of People with Each Score

Your Score History

You have not taken this quiz